[Event "LTU-chT"]
[Site "Lithuania"]
[Date "2023.03.04"]
[Round "1.4"]
[White "Baliasnyj, Timur"]
[Black "Blazys, Titas"]
[Result "1-0"]
[WhiteElo "2197"]
[BlackElo "1255"]
[PlyCount "79"]
[EventDate "2023.03.04"]
[EventType "team"]
[EventRounds "7"]
[EventCountry "LTU"]
[SourceTitle "CBM 213 Extra"]
[Source "ChessBase"]
[SourceDate "2023.05.31"]
[SourceVersion "1"]
[SourceVersionDate "2023.05.31"]
[SourceQuality "1"]
[WhiteTeam "Kaunas Security"]
[BlackTeam "Vilnius Sachmatu Erdves"]
[WhiteTeamCountry "LTU"]
[BlackTeamCountry "LTU"]

1. Nf3 d5 2. c4 e6 3. g3 Nf6 4. Bg2 Be7 5. 0-0 0-0 6. d4 c5 7. cxd5 Nxd5 8. Nc3 Nxc3 9. bxc3 Nc6 10. Rb1 Qa5 11. Qc2 h6 12. Be3 cxd4 13. Nxd4 Qa6 14. Qd3 Qxd3 15. exd3 Nxd4 16. Bxd4 Bd6 17. Bxb7 Bxb7 18. Rxb7 a6 19. Rfb1 Rfb8 20. Kg2 Rxb7 21. Rxb7 Kf8 22. Kf3 Rc8 23. c4 a5 24. Bc3 a4 25. Bb4 Bxb4 26. Rxb4 Ra8 27. Rb7 Ra5 28. Ke4 Rf5 29. f4 g5 30. Rb5 Rf6 31. Ke5 Kg7 32. fxg5 Rf2 33. gxh6+ Kxh6 34. c5 Rxa2 35. c6 a3 36. c7 Rxh2 37. Kd6 a2 38. Ra5 Rc2 39. Kd7 Rc5 40. Rxa2 1-0

[Event "LTU-ch Rapid"]
[Site "Taujenai"]
[Date "2022.12.04"]
[Round "7"]
[White "Misiuk, Martynas"]
[Black "Baliasnyj, Timur"]
[Result "1-0"]
[WhiteElo "1809"]
[BlackElo "2096"]
[PlyCount "63"]
[EventDate "2022.12.03"]
[EventType "swiss (rapid)"]
[EventRounds "10"]
[EventCountry "LTU"]
[SourceTitle "CBM 211 Extra"]
[Source "ChessBase"]
[SourceDate "2023.01.31"]
[SourceVersion "1"]
[SourceVersionDate "2023.01.31"]
[SourceQuality "1"]

1. e4 c5 2. Nf3 g6 3. d4 cxd4 4. Nxd4 Bg7 5. Nc3 Nc6 6. Be3 Nf6 7. Nxc6 bxc6 8. e5 Nd5 9. Nxd5 cxd5 10. Qxd5 Rb8 11. Bxa7 Rxb2 12. Bd4 Rxc2 13. Bd3 Rc6 14. 0-0 Ba6 15. Rfd1 Bxd3 16. Rxd3 0-0 17. g3 Qc7 18. a4 Ra8 19. a5 e6 20. Qb5 Rb8 21. Qa4 Bxe5 22. Bxe5 Qxe5 23. Rxd7 Ra6 24. Qd1 Rb5 25. Rc1 Rbxa5 26. Rc8+ Kg7 27. Rxf7+ Kxf7 28. Qd7+ Kf6 29. Rf8+ Kg5 30. f4+ Kg4 31. fxe5 Ra1+ 32. Rf1 1-0

[Event "LTU-ch Rapid"]
[Site "Taujenai"]
[Date "2022.12.04"]
[Round "10"]
[White "Rudzkis, Vilius"]
[Black "Baliasnyj, Timur"]
[Result "0-1"]
[WhiteElo "1872"]
[BlackElo "2096"]
[PlyCount "76"]
[EventDate "2022.12.03"]
[EventType "swiss (rapid)"]
[EventRounds "10"]
[EventCountry "LTU"]
[SourceTitle "CBM 211 Extra"]
[Source "ChessBase"]
[SourceDate "2023.01.31"]
[SourceVersion "1"]
[SourceVersionDate "2023.01.31"]
[SourceQuality "1"]

1. d4 Nf6 2. c4 g6 3. Nc3 d5 4. cxd5 Nxd5 5. Bd2 Bg7 6. e4 Nb6 7. Be3 0-0 8. Be2 Nc6 9. Nf3 Bg4 10. d5 Bxf3 11. Bxf3 Ne5 12. Be2 Nec4 13. Bc1 c6 14. dxc6 Qxd1+ 15. Kxd1 bxc6 16. Kc2 a5 17. b3 Nd6 18. f3 Nb5 19. Bxb5 cxb5 20. Be3 Rac8 21. Bxb6 Bxc3 22. Kd3 Bxa1 23. Rxa1 a4 24. Re1 Rc6 25. Ba5 f6 26. Re2 Kf7 27. bxa4 bxa4 28. a3 Rfc8 29. Bb4 Rc1 30. h3 Rb1 31. e5 Rd1+ 32. Ke3 fxe5 33. Ke4 Ke6 34. Rb2 Rdc1 35. Rd2 R1c2 36. Kd3 Rxd2+ 37. Kxd2 Rc7 38. Bc3 Kd5 0-1

[Event "LTU-ch Rapid"]
[Site "Taujenai"]
[Date "2022.12.03"]
[Round "3"]
[White "Baliasnyj, Timur"]
[Black "Reimanis, Ritvars"]
[Result "0-1"]
[WhiteElo "2096"]
[BlackElo "2309"]
[PlyCount "54"]
[EventDate "2022.12.03"]
[EventType "swiss (rapid)"]
[EventRounds "10"]
[EventCountry "LTU"]
[SourceTitle "CBM 211 Extra"]
[Source "ChessBase"]
[SourceDate "2023.01.31"]
[SourceVersion "1"]
[SourceVersionDate "2023.01.31"]
[SourceQuality "1"]

1. Nf3 Nf6 2. c4 e6 3. g3 d5 4. Bg2 d4 5. 0-0 c5 6. e3 Nc6 7. exd4 cxd4 8. d3 h6 9. Bf4 Bd6 10. Bxd6 Qxd6 11. Re1 0-0 12. Qe2 Nd7 13. Nbd2 Rb8 14. a3 a5 15. Rab1 b5 16. cxb5 Rxb5 17. Nc4 Qb8 18. Qe4 Rd5 19. b4 axb4 20. axb4 Qb5 21. Qe2 Bb7 22. Nfd2 Ne7 23. Ne4 Ba8 24. Ned6 Qb8 25. Bxd5 Nxd5 26. Qg4 Nc3 27. Rb2 Qa7 0-1

[Event "LTU-ch Rapid"]
[Site "Taujenai"]
[Date "2022.12.03"]
[Round "5"]
[White "Baliasnyj, Timur"]
[Black "Tutinas, Romualdas"]
[Result "1/2-1/2"]
[WhiteElo "2096"]
[BlackElo "1735"]
[PlyCount "97"]
[EventDate "2022.12.03"]
[EventType "swiss (rapid)"]
[EventRounds "10"]
[EventCountry "LTU"]
[SourceTitle "CBM 211 Extra"]
[Source "ChessBase"]
[SourceDate "2023.01.31"]
[SourceVersion "1"]
[SourceVersionDate "2023.01.31"]
[SourceQuality "1"]

1. Nf3 Nf6 2. c4 c5 3. Nc3 e6 4. g3 Nc6 5. Bg2 d5 6. cxd5 exd5 7. d4 Be6 8. 0-0 c4 9. Ne5 Be7 10. b3 0-0 11. bxc4 dxc4 12. Nxc6 bxc6 13. Bxc6 Rc8 14. Bf3 Qa5 15. Qc2 Rfd8 16. Rd1 Bb4 17. Bb2 Bf5 18. e4 Bg4 19. Bxg4 Nxg4 20. h3 Nf6 21. a3 Bxc3 22. Bxc3 Qh5 23. Kg2 Qg6 24. Re1 Re8 25. Re2 Rxe4 26. Rae1 Rce8 27. Bb4 Rxe2 28. Rxe2 Rxe2 29. Qxe2 Qe4+ 30. Qxe4 Nxe4 31. Kf3 f5 32. Kf4 Nxf2 33. Kxf5 Kf7 34. d5 Nxh3 35. Ke5 Ng5 36. Kd4 Ke8 37. Kxc4 Ne4 38. Be1 Kd7 39. Kd4 Nd6 40. a4 h5 41. Ke5 Nc4+ 42. Kd4 Nd6 43. Bf2 g5 44. Ke5 Nc4+ 45. Kf5 h4 46. gxh4 gxh4 47. Bxh4 Nb6 48. Bf2 Nxd5 49. Bxa7 1/2-1/2

[Event "Taujenai Manor Cup"]
[Site "Taujenai"]
[Date "2021.11.28"]
[Round "9"]
[White "Povilaitis, Tomas"]
[Black "Baliasnyj, Timur"]
[Result "1-0"]
[WhiteElo "1986"]
[BlackElo "2001"]
[PlyCount "51"]
[EventDate "2021.11.27"]
[EventType "swiss (rapid)"]
[EventRounds "9"]
[EventCountry "LTU"]
[SourceTitle "EXT 2023"]
[Source "ChessBase"]
[SourceDate "2022.10.05"]
[SourceVersion "1"]
[SourceVersionDate "2022.10.05"]
[SourceQuality "1"]

1. e4 c5 2. Nc3 Nc6 3. Bb5 g6 4. Bxc6 dxc6 5. f4 Bg7 6. d3 Nf6 7. Nf3 0-0 8. 0-0 Ne8 9. Qe1 Nc7 10. Qh4 Ne6 11. f5 Nd4 12. Nxd4 Qxd4+ 13. Kh1 c4 14. Bh6 cxd3 15. Bxg7 Kxg7 16. cxd3 Qf6 17. Qg3 e5 18. fxg6 Qxg6 19. Qxe5+ f6 20. Qf4 Be6 21. Rf3 Kh8 22. Rg3 Qf7 23. Rf1 Rad8 24. Rgf3 Bxa2 25. Qh6 Rd6 26. Nxa2 1-0

[Event "Taujenai Manor Cup"]
[Site "Taujenai"]
[Date "2021.11.27"]
[Round "1"]
[White "Bubnys, Marius"]
[Black "Baliasnyj, Timur"]
[Result "0-1"]
[WhiteElo "1490"]
[BlackElo "2001"]
[PlyCount "67"]
[EventDate "2021.11.27"]
[EventType "swiss (rapid)"]
[EventRounds "9"]
[EventCountry "LTU"]
[SourceTitle "EXT 2023"]
[Source "ChessBase"]
[SourceDate "2022.10.05"]
[SourceVersion "1"]
[SourceVersionDate "2022.10.05"]
[SourceQuality "1"]

1. c4 c5 2. Nc3 Nc6 3. Nf3 Nf6 4. g3 g6 5. Bg2 Bg7 6. 0-0 0-0 7. d3 a6 8. Be3 d6 9. Qd2 Ng4 10. h3 Nxe3 11. Qxe3 Nd4 12. Qd2 Nxf3+ 13. exf3 Rb8 14. Rfe1 b5 15. Nd5 Re8 16. Rad1 bxc4 17. dxc4 Rxb2 18. Qg5 Be6 19. f4 Bd4 20. Rf1 Kg7 21. g4 Bxd5 22. Qxd5 e6 23. Qf3 Qh4 24. f5 exf5 25. gxf5 Ree2 26. Rxd4 Qxd4 27. fxg6 hxg6 28. h4 Qxh4 29. Qc3+ Qd4 30. Qg3 Rxa2 31. Bd5 Ra1 32. Qf3 Rxf1+ 33. Kxf1 Re7 34. Qf4 0-1

[Event "LTU-chT"]
[Site "Lithuania"]
[Date "2020.09.25"]
[Round "3.1"]
[White "Vedrickas, Tautvydas"]
[Black "Baliasnyj, Timur"]
[Result "1/2-1/2"]
[WhiteElo "2397"]
[BlackElo "2211"]
[PlyCount "56"]
[EventDate "2020.01.25"]
[EventType "team-swiss"]
[EventRounds "7"]
[EventCountry "LTU"]
[SourceTitle "EXT 2021"]
[Source "ChessBase"]
[SourceDate "2020.10.23"]
[SourceVersion "1"]
[SourceVersionDate "2020.10.23"]
[SourceQuality "1"]
[WhiteTeam "Vilnius MRU"]
[BlackTeam "Kaunas SBK"]
[WhiteTeamCountry "LTU"]
[BlackTeamCountry "LTU"]

1. d4 Nf6 2. Nf3 g6 3. g3 Bg7 4. Bg2 0-0 5. 0-0 c5 6. c3 Qb6 7. b3 d6 8. Bb2 a5 9. Na3 a4 10. Nd2 cxd4 11. Ndc4 Qa6 12. cxd4 d5 13. Ne5 Qb6 14. Nd3 Bf5 15. bxa4 Bxd3 16. Qxd3 Rxa4 17. Rfb1 Nc6 18. e3 Rc8 19. Bc1 Qa6 20. Qb3 Rb4 21. Qc2 Rxb1 22. Rxb1 e6 23. Nb5 Na7 24. Nc3 Nb5 25. Bf1 Rxc3 26. Qb2 Qc6 27. Bxb5 Qc7 28. Ba4 Ne4 1/2-1/2

[Event "LTU-chT"]
[Site "Lithuania"]
[Date "2019.04.28"]
[Round "7.3"]
[White "Simanaitis, Vytautas"]
[Black "Baliasnyj, Timur"]
[Result "1-0"]
[WhiteElo "2019"]
[BlackElo "2217"]
[PlyCount "57"]
[EventDate "2019.01.26"]
[EventType "team-swiss"]
[EventRounds "7"]
[EventCountry "LTU"]
[SourceTitle "CBM 190 Extra"]
[Source "ChessBase"]
[SourceDate "2019.07.15"]
[SourceVersion "1"]
[SourceVersionDate "2019.07.15"]
[SourceQuality "1"]
[WhiteTeam "Kaunas Gambiteriai"]
[BlackTeam "Kaunas Ezerelio"]
[WhiteTeamCountry "LTU"]
[BlackTeamCountry "LTU"]

1. e4 c5 2. Nf3 g6 3. d4 cxd4 4. Nxd4 Bg7 5. c4 Nc6 6. Be3 d6 7. Nc3 Nf6 8. Be2 0-0 9. 0-0 Bd7 10. h3 Nxd4 11. Bxd4 Bc6 12. Qd3 Nd7 13. Bxg7 Kxg7 14. Kh1 Nc5 15. Qc2 e5 16. f4 Qh4 17. b4 Ne6 18. b5 Bd7 19. Nd5 Rac8 20. f5 Nd4 21. f6+ Kh8 22. Qd3 Be6 23. Rac1 Rc5 24. Ne7 Rd8 25. Kg1 h5 26. Qe3 Kh7 27. Rf2 Rd7 28. Bf1 Rdc7 29. g3 1-0

[Event "LTU-chT rapid"]
[Site "Marijampole"]
[Date "2018.11.11"]
[Round "6.3"]
[White "Baliasnyj, Timur"]
[Black "Jankunas, Tomas"]
[Result "1/2-1/2"]
[WhiteElo "2109"]
[BlackElo "2126"]
[PlyCount "140"]
[EventDate "2018.11.10"]
[EventType "team-swiss (rapid)"]
[EventRounds "7"]
[EventCountry "LTU"]
[SourceTitle "EXT 2020"]
[Source "ChessBase"]
[SourceDate "2019.10.17"]
[SourceVersion "1"]
[SourceVersionDate "2019.10.17"]
[SourceQuality "1"]

1. Nf3 Nf6 2. g3 g6 3. Bg2 Bg7 4. 0-0 0-0 5. c4 d6 6. Nc3 Nbd7 7. Rb1 a5 8. a3 e5 9. d3 Re8 10. Qc2 Nf8 11. b4 axb4 12. axb4 c6 13. b5 d5 14. bxc6 bxc6 15. cxd5 cxd5 16. Qb3 Re7 17. Bg5 Rb7 18. Qc2 h6 19. Rxb7 Bxb7 20. Rb1 hxg5 21. Rxb7 d4 22. Qb3 N6d7 23. Nb1 Qf6 24. Nfd2 Rc8 25. Bd5 Rc1+ 26. Kg2 Nc5 27. Rxf7 Nxb3 28. Rxf6+ Kh7 29. Rc6 Rxc6 30. Bxc6 Nc1 31. Kf1 Na2 32. h3 Kh6 33. Nc4 Nb4 34. Bb7 Ne6 35. Nbd2 Nc5 36. Ba8 Nd7 37. Nf3 Na6 38. Bc6 Nac5 39. Ke1 Bf6 40. Kd1 Kg7 41. Kc2 Kf7 42. Bxd7 Nxd7 43. Nd6+ Ke6 44. Ne4 g4 45. hxg4 Be7 46. g5 Nb6 47. Nh4 Kf7 48. f4 exf4 49. gxf4 Nd5 50. Ng2 Ke6 51. Kb3 Nb6 52. Nh4 Kf7 53. f5 gxf5 54. Nxf5 Nd5 55. Kc4 Nf4 56. Nxd4 Kg6 57. e3 Ng2 58. Nc2 Kf5 59. Kd5 Bd8 60. Nd6+ Kg6 61. Ne4 Kf5 62. d4 Be7 63. g6 Kxg6 64. Ke6 Bf8 65. Ng3 Nh4 66. d5 Nf3 67. Ne4 Nh2 68. d6 Bxd6 69. Nxd6 Ng4 70. e4 Nf2 1/2-1/2

[Event "LTU-chT rapid"]
[Site "Marijampole"]
[Date "2018.11.11"]
[Round "7.7"]
[White "Lazaravicius, Aras Jonas"]
[Black "Baliasnyj, Timur"]
[Result "1/2-1/2"]
[WhiteElo "1835"]
[BlackElo "2109"]
[PlyCount "95"]
[EventDate "2018.11.10"]
[EventType "team-swiss (rapid)"]
[EventRounds "7"]
[EventCountry "LTU"]
[SourceTitle "EXT 2020"]
[Source "ChessBase"]
[SourceDate "2019.10.17"]
[SourceVersion "1"]
[SourceVersionDate "2019.10.17"]
[SourceQuality "1"]

1. d4 Nf6 2. c4 c5 3. d5 b5 4. Nd2 bxc4 5. e4 d6 6. Bxc4 g6 7. b3 Bg7 8. Bb2 0-0 9. Qc2 a5 10. Ngf3 a4 11. 0-0 Na6 12. Bxa6 Bxa6 13. Nc4 Qc7 14. Nfd2 Rfb8 15. Rfe1 Bxc4 16. Nxc4 Qa7 17. Bc3 Nd7 18. h3 Bxc3 19. Qxc3 Nb6 20. Kh2 Nxc4 21. bxc4 Qb6 22. Rab1 Qxb1 23. Rxb1 Rxb1 24. e5 Rb6 25. exd6 exd6 26. a3 Rb3 27. Qa1 Rab8 28. Qf6 R3b6 29. Qc3 Re8 30. Qc2 Rb3 31. Qc1 Re2 32. Qf4 Re5 33. Qf6 Rf5 34. Qd8+ Kg7 35. Qxd6 Rxf2 36. Qe5+ f6 37. Qe7+ Kh6 38. Qxc5 Rbb2 39. Qe3+ g5 40. Qg3 Rfd2 41. Qf3 f5 42. Qxf5 Rxg2+ 43. Kh1 Rgf2 44. Qe6+ Kg7 45. Qe7+ Kg6 46. Qe6+ Rf6 47. Qe4+ Kh6 48. Kg1 1/2-1/2

[Event "LTU-chT rapid"]
[Site "Marijampole"]
[Date "2018.11.11"]
[Round "4.7"]
[White "Vaskevicius, Augustas"]
[Black "Baliasnyj, Timur"]
[Result "1/2-1/2"]
[WhiteElo "1952"]
[BlackElo "2109"]
[PlyCount "26"]
[EventDate "2018.11.10"]
[EventType "team-swiss (rapid)"]
[EventRounds "7"]
[EventCountry "LTU"]
[SourceTitle "EXT 2020"]
[Source "ChessBase"]
[SourceDate "2019.10.17"]
[SourceVersion "1"]
[SourceVersionDate "2019.10.17"]
[SourceQuality "1"]

1. Nf3 Nf6 2. d4 g6 3. c4 Bg7 4. Nc3 c5 5. d5 0-0 6. e4 d6 7. Be2 e6 8. 0-0 exd5 9. exd5 Bf5 10. h3 Ne4 11. Nxe4 Bxe4 12. Bd3 Bxd3 13. Qxd3 Nd7 1/2-1/2

[Event "LTU-chT rapid"]
[Site "Marijampole"]
[Date "2018.11.11"]
[Round "5.3"]
[White "Vedrickas, Tautvydas"]
[Black "Baliasnyj, Timur"]
[Result "0-1"]
[WhiteElo "2217"]
[BlackElo "2109"]
[PlyCount "60"]
[EventDate "2018.11.10"]
[EventType "team-swiss (rapid)"]
[EventRounds "7"]
[EventCountry "LTU"]
[SourceTitle "EXT 2020"]
[Source "ChessBase"]
[SourceDate "2019.10.17"]
[SourceVersion "1"]
[SourceVersionDate "2019.10.17"]
[SourceQuality "1"]

1. d4 Nf6 2. c4 c5 3. d5 b5 4. cxb5 a6 5. bxa6 Bxa6 6. Nc3 d6 7. Nf3 g6 8. g3 Bg7 9. Bg2 0-0 10. 0-0 Qa5 11. Qc2 Bc8 12. Bd2 Bf5 13. e4 Bg4 14. b3 Na6 15. a3 Rfb8 16. h3 Bd7 17. Kh2 Nc7 18. Rfb1 Qb6 19. Be3 Qa5 20. Bd2 Qb6 21. Ra2 Rc8 22. Be3 Nb5 23. Nxb5 Qxb5 24. Bf1 Qb7 25. a4 Nxe4 26. Qxe4 Bf5 27. Qxf5 gxf5 28. Bc4 e5 29. a5 Bf6 30. a6 Qe7 0-1

[Event "LTU-chT rapid"]
[Site "Marijampole"]
[Date "2018.11.10"]
[Round "1.3"]
[White "Baliasnyj, Timur"]
[Black "Motuza, Nedas"]
[Result "1-0"]
[WhiteElo "2109"]
[BlackElo "1403"]
[PlyCount "77"]
[EventDate "2018.11.10"]
[EventType "team-swiss (rapid)"]
[EventRounds "7"]
[EventCountry "LTU"]
[SourceTitle "EXT 2020"]
[Source "ChessBase"]
[SourceDate "2019.10.17"]
[SourceVersion "1"]
[SourceVersionDate "2019.10.17"]
[SourceQuality "1"]

1. Nf3 d5 2. g3 Nf6 3. Bg2 c6 4. 0-0 Bf5 5. d3 Nbd7 6. c4 e6 7. Nc3 Be7 8. Be3 0-0 9. Qb3 Qc8 10. Rac1 Rd8 11. Nh4 Bg6 12. Nxg6 hxg6 13. cxd5 exd5 14. Nxd5 Nxd5 15. Bxd5 Ne5 16. Bg2 Bf6 17. d4 Ng4 18. Bh3 Bxd4 19. Bxd4 Rxd4 20. f3 Qe8 21. fxg4 Qxe2 22. Qxf7+ Kh7 23. Qf2 Qe4 24. g5 Rad8 25. Rce1 Qd3 26. Be6 Qb5 27. Qg2 Qxg5 28. Qh3+ Qh5 29. Qxh5+ gxh5 30. Rf7 Rd1 31. Bf5+ Kh6 32. Kf2 R8d2+ 33. Re2 Rxe2+ 34. Kxe2 Rh1 35. Rxb7 Rxh2+ 36. Kf3 a5 37. Rb6 Kg5 38. Be4 c5 39. Rg6# 1-0

[Event "EU-Cup 34th"]
[Site "Porto Carras"]
[Date "2018.10.15"]
[Round "4.5"]
[White "Baliasnyj, Timur"]
[Black "Stillger, Bernhard"]
[Result "1/2-1/2"]
[WhiteElo "2216"]
[BlackElo "2265"]
[PlyCount "81"]
[EventDate "2018.10.12"]
[EventType "team-swiss"]
[EventRounds "7"]
[EventCountry "GRE"]
[SourceTitle "CBM 187"]
[Source "ChessBase"]
[SourceDate "2018.12.11"]
[SourceVersion "1"]
[SourceVersionDate "2018.12.11"]
[SourceQuality "1"]
[WhiteTeam "Overtime"]
[BlackTeam "Eynatten"]
[WhiteTeamCountry "LTU"]
[BlackTeamCountry "BEL"]

1. Nf3 c5 2. c4 Nc6 3. g3 g6 4. Bg2 Bg7 5. 0-0 d6 6. Nc3 e6 7. a3 Nge7 8. Rb1 b6 9. b4 0-0 10. Bb2 Bb7 11. Nb5 e5 12. Ng5 a6 13. Nc3 h6 14. Nh3 Rb8 15. bxc5 dxc5 16. Nd5 Nxd5 17. Bxd5 Na5 18. Bxb7 Rxb7 19. d3 Qd7 20. Kg2 b5 21. cxb5 axb5 22. Qc1 Rc8 23. Qe3 Qd5+ 24. f3 b4 25. axb4 cxb4 26. Rfc1 Rbc7 27. Nf2 Nb3 28. Rc4 Rxc4 29. dxc4 Qxc4 30. Bxe5 Re8 31. Qxb3 Qxb3 32. Rxb3 Rxe5 33. e4 Bf8 34. Nd3 Ra5 35. Rb2 h5 36. Nxb4 Bxb4 37. Rxb4 Ra2+ 38. Kh3 Rf2 39. Rb3 Kg7 40. e5 g5 41. Re3 1/2-1/2

[Event "EU-Cup 34th"]
[Site "Porto Carras"]
[Date "2018.10.14"]
[Round "3.4"]
[White "Baliasnyj, Timur"]
[Black "Varga, Zoltan"]
[Result "0-1"]
[WhiteElo "2216"]
[BlackElo "2448"]
[PlyCount "128"]
[EventDate "2018.10.12"]
[EventType "team-swiss"]
[EventRounds "7"]
[EventCountry "GRE"]
[SourceTitle "CBM 187"]
[Source "ChessBase"]
[SourceDate "2018.12.11"]
[SourceVersion "1"]
[SourceVersionDate "2018.12.11"]
[SourceQuality "1"]
[WhiteTeam "Overtime"]
[BlackTeam "Dunajska Streda"]
[WhiteTeamCountry "LTU"]
[BlackTeamCountry "SVK"]

1. Nf3 d5 2. g3 c5 3. c4 d4 4. b4 cxb4 5. a3 bxa3 6. Bxa3 g6 7. Bg2 Bg7 8. d3 Nh6 9. 0-0 0-0 10. Nbd2 Nf5 11. Qb3 Nc6 12. Rfb1 Qc7 13. Ne4 Rb8 14. Bc1 h6 15. Ne1 b6 16. Nc2 Bd7 17. Bf4 Be5 18. Bd2 Rfc8 19. Ra2 b5 20. cxb5 Be6 21. Qa4 Bxa2 22. Qxa2 Nd8 23. Na3 Qd7 24. Bb4 Ne6 25. Nd2 Bd6 26. Ndc4 Bxb4 27. Rxb4 Nc5 28. Ne5 Qe6 29. Qxe6 Nxe6 30. Nc6 Rb7 31. h3 Nd6 32. Nxd4 Nxd4 33. Bxb7 Nxe2+ 34. Kf1 Rc3 35. Kxe2 Rxa3 36. Bc6 Kg7 37. Bd7 Kf6 38. Ke3 e6 39. Bc6 Ra2 40. g4 Ke7 41. b6 axb6 42. Rxb6 g5 43. Rb8 Rc2 44. Ba4 Ra2 45. Bc6 f5 46. Ra8 Rc2 47. Ba4 f4+ 48. Kf3 Rd2 49. Ra7+ Kf6 50. Rh7 Nf7 51. Be8 Ne5+ 52. Ke4 Re2+ 53. Kd4 Nf3+ 54. Kc3 Ke5 55. Rd7 Rxf2 56. d4+ Ke4 57. Bg6+ Ke3 58. d5 e5 59. d6 Rd2 60. Rd8 Nd4 61. d7 f3 62. Kc4 f2 63. Rf8 Nf3 64. Bd3 Rxd3 0-1

[Event "EU-ch blitz"]
[Site "Katowice"]
[Date "2017.12.15"]
[Round "4"]
[White "Miton, Kamil"]
[Black "Baliasnyj, Timur"]
[Result "1-0"]
[WhiteElo "2584"]
[BlackElo "2220"]
[PlyCount "58"]
[EventDate "2017.12.15"]
[EventType "swiss (blitz)"]
[EventRounds "22"]
[EventCountry "POL"]
[SourceTitle "CBM 182 Extra"]
[Source "ChessBase"]
[SourceDate "2018.02.23"]
[SourceVersion "1"]
[SourceVersionDate "2018.02.23"]
[SourceQuality "1"]

1. d4 Nf6 2. c4 c5 3. d5 b5 4. Nd2 bxc4 5. e4 d6 6. Bxc4 g6 7. Ngf3 Bg7 8. 0-0 0-0 9. h3 Nfd7 10. Rb1 Ne5 11. Nxe5 Bxe5 12. Re1 Nd7 13. b3 a5 14. a4 Bg7 15. Bb5 Ba6 16. Bxa6 Rxa6 17. Nc4 Ne5 18. Bd2 Qa8 19. f4 Nxc4 20. bxc4 Rb8 21. Rb5 Rxb5 22. cxb5 Ra7 23. Qb3 Rd7 24. Qc4 Rd8 25. Rb1 Re8 26. b6 Qb7 27. Bxa5 e6 28. Bd2 exd5 29. Qxd5 Qa6 1-0

[Event "EU-Cup 33rd"]
[Site "Antalya"]
[Date "2017.10.14"]
[Round "7.4"]
[White "Demuth, Adrien"]
[Black "Baliasnyj, Timur"]
[Result "1-0"]
[WhiteElo "2538"]
[BlackElo "2218"]
[PlyCount "89"]
[EventDate "2017.10.08"]
[EventType "team-swiss"]
[EventRounds "7"]
[EventCountry "TUR"]
[SourceTitle "CBM 181"]
[Source "ChessBase"]
[SourceDate "2017.11.10"]
[SourceVersion "1"]
[SourceVersionDate "2017.11.10"]
[SourceQuality "1"]
[WhiteTeam "Nice Alekhine"]
[BlackTeam "Makabi LSK"]
[WhiteTeamCountry "FRA"]
[BlackTeamCountry "LTU"]

1. d4 Nf6 2. Nf3 g6 3. c4 c5 4. dxc5 Qa5+ 5. Nbd2 Bg7 6. a3 Qxc5 7. b4 Qc7 8. Bb2 0-0 9. e3 b6 10. Be2 Bb7 11. 0-0 d6 12. Qb3 Nbd7 13. Rfc1 Rac8 14. Bc3 Qb8 15. Qb2 d5 16. Bd4 e5 17. Nxe5 Nxe5 18. Bxe5 Ng4 19. Bxb8 Bxb2 20. Bxa7 Ne5 21. c5 bxc5 22. Bxc5 Nd7 23. Bxf8 Rxc1+ 24. Rxc1 Bxc1 25. Nb3 Bxa3 26. Bd6 Nb6 27. Nd4 Na4 28. Kf1 f6 29. Nb5 Bb2 30. Bc7 Nc3 31. Nxc3 Bxc3 32. b5 d4 33. Bf3 Bxf3 34. gxf3 dxe3 35. fxe3 Kf7 36. Ke2 Ke6 37. Kd3 Be1 38. e4 Bf2 39. Kc4 Kd7 40. Ba5 Bg1 41. h3 Ke6 42. b6 Kd6 43. Kb5 Bh2 44. b7 Kd7 45. Bc3 1-0

[Event "EU-Cup 33rd"]
[Site "Antalya"]
[Date "2017.10.12"]
[Round "5.5"]
[White "Baliasnyj, Timur"]
[Black "Varga, Zoltan"]
[Result "1/2-1/2"]
[WhiteElo "2218"]
[BlackElo "2451"]
[PlyCount "100"]
[EventDate "2017.10.08"]
[EventType "team-swiss"]
[EventRounds "7"]
[EventCountry "TUR"]
[SourceTitle "CBM 181"]
[Source "ChessBase"]
[SourceDate "2017.11.10"]
[SourceVersion "1"]
[SourceVersionDate "2017.11.10"]
[SourceQuality "1"]
[WhiteTeam "Makabi LSK"]
[BlackTeam "Dunajska Streda"]
[WhiteTeamCountry "LTU"]
[BlackTeamCountry "SVK"]

1. c4 c6 2. Nf3 d5 3. g3 dxc4 4. Bg2 Nd7 5. 0-0 Nb6 6. Qc2 Qd5 7. Nc3 Qf5 8. e4 Qh5 9. d4 cxd3 10. Qxd3 e5 11. Rd1 Be7 12. h3 Bxh3 13. Bxh3 Qxh3 14. Nxe5 Nf6 15. Qf3 0-0 16. Bg5 Rae8 17. a3 Nfd7 18. Nxd7 Nxd7 19. Qf5 Qxf5 20. exf5 Nb6 21. Bf4 Rc8 22. Be3 Rfd8 23. Ne4 Nd5 24. Bxa7 b6 25. Nc3 Nxc3 26. bxc3 Rxd1+ 27. Rxd1 b5 28. Rd7 Bxa3 29. Rb7 f6 30. g4 Bd6 31. Bb6 Rb8 32. Rd7 Be5 33. Bc7 Rb7 34. Rd8+ Kf7 35. Bxe5 fxe5 36. Rc8 Kf6 37. Kg2 Kg5 38. Kg3 b4 39. cxb4 Rxb4 40. f3 Rc4 41. Re8 h5 42. Rxe5 h4+ 43. Kh3 Rf4 44. f6+ Kxf6 45. Rc5 Rxf3+ 46. Kxh4 g5+ 47. Rxg5 Rh3+ 48. Kxh3 Kxg5 49. Kg3 c5 50. Kf3 c4 1/2-1/2

[Event "EU-Cup 33rd"]
[Site "Antalya"]
[Date "2017.10.09"]
[Round "2.5"]
[White "Baliasnyj, Timur"]
[Black "Jakobsen, Peter"]
[Result "1/2-1/2"]
[WhiteElo "2218"]
[BlackElo "2182"]
[PlyCount "113"]
[EventDate "2017.10.08"]
[EventType "team-swiss"]
[EventRounds "7"]
[EventCountry "TUR"]
[SourceTitle "CBM 181"]
[Source "ChessBase"]
[SourceDate "2017.11.10"]
[SourceVersion "1"]
[SourceVersionDate "2017.11.10"]
[SourceQuality "1"]
[WhiteTeam "Makabi LSK"]
[BlackTeam "Nordkalotten"]
[WhiteTeamCountry "LTU"]
[BlackTeamCountry "DEN"]

1. c4 c5 2. Nc3 Nf6 3. g3 e6 4. Nf3 b6 5. Bg2 Bb7 6. 0-0 Be7 7. d4 cxd4 8. Qxd4 d6 9. Rd1 a6 10. Bg5 Nbd7 11. Qd2 0-0 12. Bf4 Ne8 13. Rac1 Qc7 14. b3 Rc8 15. h3 Ndf6 16. g4 Rd8 17. Qe3 Rb8 18. Bg3 Ba8 19. Kh2 Nd7 20. g5 Qc5 21. Qxc5 bxc5 22. h4 Rd8 23. Nd2 Bxg2 24. Kxg2 Nb8 25. Nde4 Nc6 26. Rd2 f5 27. gxf6 gxf6 28. e3 f5 29. Ng5 Bxg5 30. hxg5 Rf7 31. Rcd1 Rg7 32. Bxd6 Rgd7 33. Na4 Rxd6 34. Rxd6 Rxd6 35. Rxd6 Nxd6 36. Nxc5 a5 37. Nxe6 Nb4 38. Nd4 Nxa2 39. Nc6 Nb7 40. c5 Kf7 41. Ne5+ Ke6 42. c6 Nd6 43. g6 hxg6 44. Nxg6 Nc1 45. Nf4+ Ke5 46. Kf3 Nxb3 47. Nd3+ Kd5 48. c7 a4 49. Kf4 Nc5 50. Nb4+ Kc4 51. Ke5 Nc8 52. Nc2 Kc3 53. Na3 Kb4 54. Nc2+ Kc3 55. Na3 Kb3 56. Nb5 a3 57. Nxa3 1/2-1/2